Rákosi Mátyás alakja az "ötvenes évek" irodalmi alkotásaiban

Elmentve itt :
Bibliográfiai részletek
Szerző: Ungi Zsuzsanna
További közreműködők: Tóth Károly (Témavezető)
Dokumentumtípus: Szakdolgozat
Megjelent: 1990
Tárgyszavak:
Online Access:http://diploma.bibl.u-szeged.hu/78564
LEADER 00560nta a2200157 i 4500
001 dipl78564
005 20200623115508.0
008 190711s1990 hu om 0|| hun d
040 |a SZTE Diploma Repozitórium  |b hun 
041 |a hun 
100 1 |a Ungi Zsuzsanna 
245 1 0 |a Rákosi Mátyás alakja az "ötvenes évek" irodalmi alkotásaiban  |h [elektronikus dokumentum] /  |c Zsuzsanna Ungi 
260 |c 1990 
650 4 |a Pedagógusképzés 
700 1 |a Tóth Károly  |e ths 
856 4 0 |u http://diploma.bibl.u-szeged.hu/id/eprint/78564/1/1990_ungi_zsuzsanna.pdf  |z Dokumentum-elérés